Statistics for Countries that ends with O?

Click here to take the quiz!

General Stats

  • This quiz has been taken 105 times
  • The average score is 8 of 12

Answer Stats

Country% Correct
Lesotho
84%
Kosovo
82%
Togo
82%
Mexico
78%
Morocco
78%
Monaco
76%
Democratic Republic of the Congo
68%
Republic of the Congo
68%
Montenegro
64%
Trinidad and Tobago
56%
San Marino
55%
Burkina Faso
51%

Score Distribution

Percentile by Number Answered

Percent of People with Each Score

Your Score History

You have not taken this quiz